Thinkin' Bout Me - Morgan Wallen Lyrics - Statistics

General Stats
  • This quiz has been taken 99 times
  • The average score is 232 of 334
Answer Stats
Answer % Correct
a
97%
I
97%
i
97%
you
96%
bout
93%
do
91%
your
91%
be
90%
he
88%
then
87%
where
85%
you're
84%
Don't
82%
don't
82%
him
82%
in
82%
know
82%
that
82%
when
82%
been
81%
go
81%
me
81%
to
81%
at
79%
boy
79%
nothin
79%
are
78%
thinkin
78%
tell
75%
bad
72%
but
72%
drinkin
72%
feel
72%
gon
72%
all
70%
and
70%
for
70%
out
70%
you've
70%
hell
69%
into
69%
my
69%
the
69%
puttin
67%
through
67%
ain't
66%
baby
66%
flame
66%
name
66%
burnt
64%
nothing
64%
what
64%
can
63%
see
63%
who
63%
he's
61%
hes
61%
on
61%
long
60%
mind
60%
street
60%
we're
60%
drivin
58%
probably
58%
close
57%
eyes
57%
missin
57%
ridin
55%
gone
54%
every
52%
lie
52%
thing
52%
time
52%
tastin
49%
bed
43%
curse
43%
am
40%
driving
40%
over
40%
comin
39%
How
39%
drive
37%
head
37%
like
37%
tonight
37%
up
37%
truck
36%
was
36%
his
34%
supposed
34%
it's
33%
somewhere
31%
any
30%
mine
30%
wish
30%
just
28%
way
28%
change
27%
crazy
27%
damn
27%
phone
27%
can't
25%
makin
25%
of
25%
place
25%
girl
24%
hide
24%
yeah
22%
em
21%
our
21%
wants
21%
did
19%
missing
16%
wanna
4%
while
4%
yout
4%
druk
0%
No matching quizzes found
Score Distribution
Percent of People with Each Score
Percentile by Number Answered
Your Score History
You have not taken this quiz